000 03072nam a22004094a 4500
005 20050803152059.0
008 030618s2004 nyua b b 001 0 eng
010 _aB-355145-157
020 _a978818638693
_c25.00
035 _aB-355145-157
037 _bPratham Books
040 _adpl
_bEnglish
082 _aS
100 _aSengupta, Subhadra
245 _aA man called Bapu /
_cby Subhadra Sengupta; illustrated by Neeta Gangopadhya
260 _aNew Delhi
_bPratham Books
_c2008
270 _aB3/4 Safdarjung Enclave, New Delhi
_bLondon
_eW8 6SA
300 _a36p.
_c23cm (pbk)
440 _a
700 _aIjlal, Baaraan
942 _2ddc
_cCH
_mSEN
_hS
999 _c21917
_d21917